| 000 | 01071nam a22002057a 4500 | ||
|---|---|---|---|
| 999 |
_c12251 _d12251 |
||
| 003 | AR-CdUCM | ||
| 008 | 190408b ||||| |||| 00| 0 spa d | ||
| 040 |
_aMUNICIPALIDAD PROVINCIAL DEL CUSCO _cBIBLIOTECA MUNICIPAL DEL CUSCO |
||
| 082 |
_a868.5 / _bC21 / 1872 |
||
| 100 |
_aCanalejas, D. F. de Paula _930015 |
||
| 245 | _aEstudios críticos de filosofía, política y literatura / | ||
| 260 |
_aMadrid : _bCarlos Bailly-Bailliere, _c1872. |
||
| 300 |
_a447 páginas ; _c17 cm. |
||
| 505 | _aContenido: Una expedición a Moonserrat -- Del estado actual de la filosofía en las naciones latinas -- Un programa político -- Del renacimiento de la poesía catalana -- Del carácter del movimiento literario en la Italia contemporánea -- Alfonso V de Aragón en Nápoles -- La escuela Krausista en España -- Del carácter del poema -- Los Lusiadas, de Luis de Camoens -- Del estudio de la historia de la filosofía española. | ||
| 650 |
_aFilosofía _9395 |
||
| 650 |
_aPolítica _9291 |
||
| 650 |
_aLiteratura _983 |
||
| 942 |
_2ddc _cLIBROS |
||
| 945 |
_aacv _d08/04/2019 |
||